Základy konštrukcie automatizovaných systémov velenia Časť 1. Prenos a spracovanie diskrétnej informácie

Bibliographic Details
Main Author: Špirko, Štefan (Author)
Format: Book
Language:Slovak
PhysicalDescription:90 strán grafy, schémy, tabuľky 30 cm
Published: Liptovský Mikuláš Vysoká vojenská technická škola ČSSP 1983
Edition:1. vyd.
Subjects:

MARC

LEADER 00000cam a2200000 a 4500
001 vtls008914860
003 SK-MaSNL
005 20260301124640.0
008 250313s1983 xo dl frnp 000 0 slo
015 |a SNBA1983 
020 |q (brožované) 
035 |a LMAOSK13800 
035 |a urn:nbn:sk:snk-am3j639 
035 |a 22A81E78-C0D1-43E2-A317-BCF61F744EF4 
035 |a urn:nbn:sk:snk-am00ggd7 
040 |a SNK  |b slo  |c SNK  |e AACR2 
041 0 |a slo 
044 |a xo  |c SK 
072 7 |a 623  |x Vojenská technika  |2 konspekt 
072 7 |a 37.016  |x Učebné osnovy. Vyučovacie predmety. Učebnice  |2 konspekt 
080 |a 001.102  |2 2011 
080 |a (075.8)  |2 2011 
100 1 |a Špirko, Štefan  |4 aut  |9 311040 
245 1 0 |a Základy konštrukcie automatizovaných systémov velenia  |n Časť 1.  |p Prenos a spracovanie diskrétnej informácie  |c Štefan Špirko 
246 3 0 |a Prenos a spracovanie diskrétnej informácie 
250 |a 1. vyd. 
260 |a Liptovský Mikuláš  |b Vysoká vojenská technická škola ČSSP  |c 1983 
300 |a 90 strán  |b grafy, schémy, tabuľky  |c 30 cm 
366 |e 50 kusov 
504 |a Bibliografia na strane 90 
650 0 7 |a ASV (automatizované systémy velenia)  |2 SNKPH  |9 473402 
650 0 7 |a diskrétne informácie  |2 SNKPH  |9 473403 
650 0 7 |a informácie  |2 SNKPH  |9 1285 
655 7 |a učebnice vysokých škôl  |2 SNKPH  |9 70191 
852 |a Slovenská národná knižnica 
958 |a TL 
958 |a OND 
958 |a UV 
958 |a NB 
999 |c 740025  |d 741955 
952 |a SNK  |b SNK  |y PREZ  |7 0  |p 17A1417741  |o snkSB 95733/1  |i snk2020/11114  |8 7  |0 0  |1 0  |4 0  |d 2020-06-23  |f 1  |l 0  |r 2025-05-19 00:00:00  |w 2026-02-23 
952 |a SNK  |b SNK  |y VYP  |7 0  |p 17A1417742  |o snkSB 95733/1 D1  |i snk2020/11115  |8 7  |0 0  |1 0  |4 0  |d 2020-06-23  |l 0  |r 2026-02-23 22:56:33  |w 2026-02-23